| 000 | 01139cad a22002295a 4500 | ||
|---|---|---|---|
| 001 | L144123 | ||
| 008 | 070622e20080619xxk f f000 0 eng d | ||
| 035 | _a(Sirsi) u144123 | ||
| 041 | 0 | _aeng | |
| 110 | 1 |
_aUnited Kingdom _bOffice of Fair Trading _94767 |
|
| 245 | 0 | 0 |
_aEstate agents redress schemes _h[electronic resource] |
| 260 | _c2008 | ||
| 490 |
_aOFT Press Release _v19 June 2008 |
||
| 520 | _aAnnounces the launch of a statutory estate agents redress scheme. The Secretary of State for Business Enterprise and Regulatory Reform will now be able to make an Order under The Estate Agents Act 1979 (as amended 2007) obliging estate agents to join an approved scheme. The scheme will come into force on 1 October 2008. | ||
| 590 | _aKA NTK | ||
| 650 | 2 | 4 | _aESTATE AGENTS ACT 1979 |
| 650 | 2 | 4 | _aCONSUMERS, ESTATE AGENTS AND REDRESS ACT 2007 |
| 651 | 4 |
_aUnited Kingdom _y |
|
| 690 | _aMANAGEMENT-BUSINESS MANAGEMENT-PROFESSIONAL PRACTICE | ||
| 856 | 4 | 0 |
_uhttps://webarchive.nationalarchives.gov.uk/20121030220204/http://www.oft.gov.uk/OFTwork/estate-agents/EARS/ _zView the article free of charge at www.oft.gov.uk... |
| 942 | _n0 | ||
| 999 |
_c80354 _d80354 |
||